| 000 | 01077 a2200265 4500 | ||
|---|---|---|---|
| 003 | OSt | ||
| 005 | 20180116182822.0 | ||
| 008 | 170721b xxu||||| |||| 00| 0 eng d | ||
| 020 | _a1562762087 (paperback) | ||
| 020 | _a9781562762087 (paperback) | ||
| 040 | _c0 | ||
| 082 | 0 | 4 | _a006.7221 HOL 1994 |
| 100 | 1 | _aEric.Holsinger | |
| 245 | 1 | 0 |
_aHow Multimedia Works _cEric Holsinger, Nevin Berger. |
| 250 | _a1st ed. | ||
| 260 |
_a[S.l.] : _bZiff-Davis Press, _c1994. |
||
| 300 |
_a198p. : _bcol. ill. ; pb. _c26 cm. |
||
| 440 | _aHow Multimedia Works | ||
| 490 | 1 | _aHow it works. | |
| 520 | _aStunning graphics and lucid text make this a guide for everyone who is curious about multimedia and how it affects our lives, including multimedia that surrounds us, creating a multimedia project, and technologies used for such special effects as 3D animation. Original. (Beginner). | ||
| 700 | 1 | _aBerger, Nevin. | |
| 830 | 0 | _aHow it works. | |
| 856 | 4 | 0 |
_3Amazon.com _uhttp://www.amazon.com/exec/obidos/ASIN/1562762087/chopaconline-20 |
| 942 |
_aNBS _cBK _k006.7221 HOL _2ddc |
||
| 999 |
_c346584 _d346584 |
||